Nová encyklopedie českého výtvarného umění : A - M /

Gespeichert in:
Bibliographische Detailangaben
Weitere Verfasser: Horová, Anděla (Herausgegeben von), Urlich, Petr (Rezension), Kudělka, Zdeněk (Rezension)
Format: Buch
Sprache:Tschechisch
Veröffentlicht: Praha : Academia, 1995
Ausgabe:1. vydanie
Schlagworte:
Tags: Tag hinzufügen
Keine Tags, Fügen Sie das erste Tag hinzu!

MARC

LEADER 00000nam a22000003a 4500
001 0101086
003 SK-STU
005 20230328122320.7
007 ta
008 230328s ----xo-----e------000-0-----d
020 |a 80-200-0521-8 
020 |a 80-200-0536-6 (súbor) 
040 |a STU  |b slo 
041 0 |a cze 
044 |a xr 
100 1 |a Horová, Anděla  |4 edt  |r Z6 
245 1 0 |a Nová encyklopedie českého výtvarného umění :  |b A - M /  |c ed. Anděla Horová ; rec. Petr Urlich, Zdeněk Kudělka 
250 |a 1. vydanie 
260 |a Praha :  |b Academia,  |c 1995 
650 0 7 |a výtvarné umenie 
650 0 7 |a Česko 
650 0 7 |a výtvarníci českí 
700 1 |a Urlich, Petr  |4 rev 
700 1 |a Kudělka, Zdeněk  |4 rev 
996 |b 284AU09556  |c A* 12911/U  |l AAKNST  |s P  |a 0  |w 0101086_0001